| 000 | 00757cam a22002531 4500 | ||
|---|---|---|---|
| 999 |
_c8380 _d8380 |
||
| 001 | 8380 | ||
| 003 | BD-JhCC | ||
| 005 | 20180925083331.0 | ||
| 008 | 900612s1908 enk 000 0 eng | ||
| 035 | _a(BD-JhCC)8380 | ||
| 035 | _a(OCoLC)21782489 | ||
| 040 |
_aDLC _cSdU _dDLC _dBD-JhCC |
||
| 041 | _aeng | ||
| 050 | 0 | 0 |
_aPZ3.W547 _bUn6 _aPR6045.E95 |
| 082 |
_bWEY 1908 _a843.4 |
||
| 100 | 1 |
_aWeyman, Stanley John, _d1855-1928. |
|
| 245 | 1 | 0 |
_aUnder the red robe / _cby Stanley J. Weyman; with twelve illustrations by R. Caton Woodville. |
| 250 | _a22d ed. | ||
| 260 |
_aLondon, _bMethuen & Co. _c[1908] |
||
| 300 |
_avi p., 1 l., 357, [1] p. _c20 cm. |
||
| 651 | 0 |
_aFrance _xHistory _yLouis XIII, 1610-1643 _xFiction. |
|
| 942 |
_2ddc _cBK |
||